Bipolar Valued Shadowed Sets / (Record no. 33648)
[ view plain ]
| 000 -LEADER | |
|---|---|
| fixed length control field | 00702nam a22001937a 4500 |
| 003 - CONTROL NUMBER IDENTIFIER | |
| control field | JO-AjAnu |
| 005 - DATE AND TIME OF LATEST TRANSACTION | |
| control field | 20240908124311.0 |
| 008 - FIXED-LENGTH DATA ELEMENTS--GENERAL INFORMATION | |
| fixed length control field | 240908b jo ||||| |||| 00| 0 ara d |
| 040 ## - CATALOGING SOURCE | |
| Original cataloging agency | JO-AjAnu |
| Transcribing agency | JO-AjAnu |
| 041 ## - LANGUAGE CODE | |
| Language code of text/sound track or separate title | eng |
| 100 #1 - MAIN ENTRY--PERSONAL NAME | |
| Personal name | Alomari, Hind Fuad |
| 9 (RLIN) | 66151 |
| Relator term | prepared |
| 245 #0 - TITLE STATEMENT | |
| Title | Bipolar Valued Shadowed Sets / |
| Statement of responsibility, etc. | BY Hind Fuad Alomari ; Supervisor Abd Ulazeez Moh,d Jumah S. Alkouri |
| 260 ## - PUBLICATION, DISTRIBUTION, ETC. | |
| Date of publication, distribution, etc. | 2024 |
| 300 ## - PHYSICAL DESCRIPTION | |
| Extent | 46page |
| 500 ## - GENERAL NOTE | |
| General note | University Thesis (Master's Thesis in Mathematics) - Ajloun National University (Ajloun, Jordan), Faculty of Science, 2023. |
| 650 70 - SUBJECT ADDED ENTRY--TOPICAL TERM | |
| Topical term or geographic name entry element | Shadowed Sets |
| 9 (RLIN) | 66100 |
| 700 #1 - ADDED ENTRY--PERSONAL NAME | |
| Personal name | Abd Ulazeez Mohd Jumah S, Alkour |
| 9 (RLIN) | 66152 |
| Relator term | Supervisor |
| 942 ## - ADDED ENTRY ELEMENTS (KOHA) | |
| Source of classification or shelving scheme | Library of Congress Classification |
| Koha item type | Thesis |
| Suppress in OPAC | No |
| Withdrawn status | Lost status | Source of classification or shelving scheme | Damaged status | Not for loan | Home library | Current library | Date acquired | Total Checkouts | Full call number | Barcode | Date last seen | Price effective from | Koha item type |
|---|---|---|---|---|---|---|---|---|---|---|---|---|---|
| Library of Congress Classification | مكتبة جامعة عجلون الوطنية | مكتبة جامعة عجلون الوطنية | 08/09/2024 | QA141.5 2024 | E3881 | 08/09/2024 | 08/09/2024 | Thesis | |||||
| Library of Congress Classification | مكتبة جامعة عجلون الوطنية | مكتبة جامعة عجلون الوطنية | 08/09/2024 | QA141.5 2024 | E3882 | 08/09/2024 | 08/09/2024 | Thesis |